000 00568nam a22001817a 4500
999 _c526775
_d526775
003 NUST
020 _a969-472-147-4
_qPBK
038 _aFaiza
082 _a891.4308
_bAKH
100 _aAkhtar, Salim
_917606
245 _aPakistani Adab 2000 /
_cSalim Akhtar
260 _aIslamabad :
_bAcademy adabiat pakistan,
_c2001.
300 _a345 p. ;
880 _6100-01\r
_aسلیم اختر
880 _6245-02\r
_aپاکستانی ادب ۲۰۰۰ /
880 _6260-03\r
_aاسلام آباد :
_bاکادمی ادبیات پاکستان,
_c۲۰۰۱.
942 _2ddc
_cBK